000 00541nam a22001817a 4500
999 _c8414
_d8414
008 201118b ||||| |||| 00| 0 eng d
040 _aBMS College of Architecture
100 _aAravinth,B
245 _aEco resort - in touch with nature
300 _a40p.
500 _a1BM14AT015
502 _8B,Arch
_NBMS College of Architecture, Visvesvaraya Technological University (VTU)
_aProject report
_d2019
650 _aResort
650 _aNature
700 _aMaithily Velangi
_eGuide
700 _aPraveen Alwa
_eGuide
942 _2ddc
_cTHE